Poézia nostalgie

Bibliographic Details
Main Author: Červeňák, Andrej, 1932-2012 (Author)
Format: Article
Language:Slovak
PhysicalDescription:Fotogr. 1
ISSN:1335-180X
Subjects:

MARC

LEADER 00000nab a2200000 a 4500
001 vtls000601438
003 SK-MaSNL
005 20260304085458.0
008 250425c1996 xo 0 slo
015 |a SNBRB19rr/mm-uuuuu 
035 |a CL0601577 
035 |a urn:nbn:sk:snk-ab7e6r 
035 |a (uuid)c8fbd9ac-0f3f-44f0-835a-ae4232a5a2be 
035 |a (urnnbn)urn:nbn:sk:snk:ar-a07woa 
035 |a (sysno)vtls000601438 
040 |a SNKBUCL  |b slo  |c SNKBUCL  |e AACR2 
041 0 |a slo 
044 |a xo  |c SK 
080 |a 82.09:885.4 (73)-1(048)  |2 1981 
080 |a 885.4 (73)-1(048)  |2 1981 
100 1 |a Červeňák, Andrej,  |d 1932-2012  |4 aut  |9 153402 
245 1 0 |a Poézia nostalgie  |c Andrej Červeňák 
300 |b Fotogr. 1 
650 0 7 |a slovenská poézia  |2 snkbucl  |9 215422 
655 7 |a recenzie  |2 snkbucl  |9 21907 
655 7 |a články z novín a časopisov  |2 snkbucl  |9 267496 
773 0 |t Literika  |g Roč. 1, č. 2 (1996), s. 188-190  |x 1335-180X 
787 0 8 |i Rec.:  |a Harenčár, Oleg  |t Zemetrasenie pamäti  |d Bratislava : Agentúra Fischer, 1996 
850 |a Slovenská národná knižnica 
852 |a Slovenská národná knižnica 
954 |a odborná, vedecká literatúra pôvodná (slovenská)  |2 lita 
958 |a article27 
958 |a LX 
958 |a SK 
958 |a US 
958 |a RK 
958 |a OND 
958 |a EUIPO 
999 |c 2808184  |d 2810114